| 000 | 00692nam a22002177a 4500 | ||
|---|---|---|---|
| 999 |
_c20570 _d20570 |
||
| 003 | AR-CdUCM | ||
| 008 | 190328b ||||| |||| 00| 0 spa d | ||
| 040 |
_aMUNICIPALIDAD PROVINCIAL DEL CUSCO _cBIBLIOTECA MUNICIPAL DEL CUSCO |
||
| 041 | _hita | ||
| 082 |
_a858.9 / _bP25 |
||
| 100 |
_aPapini, Giovanni _917817 |
||
| 245 | _aLa escala de Jacob / | ||
| 260 |
_aMéxico : _bLatino americana, _c1955. |
||
| 300 |
_a197 páginas ; _c19 cm. |
||
| 505 | _aContenido: Amor o muerte -- José de Maistre -- San Francisco -- Jacopone de Todi... | ||
| 650 |
_aLiteratura _983 |
||
| 650 |
_aEnsayos italianos _926502 |
||
| 650 |
_aSiglo XX _98 |
||
| 942 |
_2ddc _cLIBROS |
||
| 945 |
_adavv _d2019-05-31 |
||